LEADER 01368nam a2200289 i 4500 001 000000241798 003 CaOOAMICUS 005 20190325125514.0 008 150518s1734 xx u000 u fre u 013 $a220703 026 $areil lait ntt, seen (3) 1734 (R) 040 $aSeMil$bita 100 1 $aGalliffet, Joseph .$0(OLS)http://semarc/name/17093 245 10$aSujets de meditations pour une retraite de huit jours, sur la fin de l'homme, & la grand affaire du salut. Par le R. P. Joseph de Gallifet, de la Compagnie de Jesus. 260 $aA Lyon :$bChez Pierre Valfray,$c1734. 300 $a[10], 179, [3] p ;$c12°. 500 $aSegn.: a6 A-G12 H8. 650 4$aMorte - Meditazioni.$0(OLS)http://semarc/subject/5125 700 1 $aValfray, Pierre,$c.$0(OLS)http://semarc/name/81850 752 $aFR$dLione 850 $aSeMil 852 $aSeMil$W1$xVenegono$y1$m3F I 261 FA$j192144$B192144$CSeMilBibl$Z2$F202951 $8I 941 1 $a10 961 $aRecupero: Mantegazza 996 $6245$aSujets de meditations pour une retraite de huit jours, sur la fin de l'homme, & la grand affaire du salut. Par le R. P. Joseph de Gallifet, de la Compagnie de Jesus$9(OLS)http://semarc/title/343584 996 $6260$aA Lyon :$bChez Pierre Valfray$9(OLS)http://semarc/publisher/54642 LEADER 01267nam a2200265 i 4500 001 000000017960 003 CaOOAMICUS 005 20231012144349.0 008 180830s1964 it u000 u ita u 040 $aSeMil$bita 100 1 $aKafka, Franz,$d<1883-1924>.$0(OLS)http://semarc/name/8139 240 10$aTagebücher : 1910-1923.$0(OLS)http://semarc/title/23718 245 10$aDiari :$b1910-1923 /$cFranz Kafka ; a cura di Max Brod ; introduzione di Remo Cantoni ; traduzione di Ervino Pocar. 250 $a4. Ed. 264 1$a[Milano] :$bArnoldo Mondadori Editore,$c1964. 300 $a2 v. ;$c20 cm. 650 4$aKafka, Franz <1883-1924> - Diari e memorie.$0(OLS)http://semarc/subject/26725 700 1 $aPocar, Ervino,$d<1892-1981>.$0(OLS)http://semarc/name/5929 700 1 $aCantoni, Remo,$d<1914-1978>.$0(OLS)http://semarc/name/8141 700 1 $aBrod, Max,$d<1884-1968>.$0(OLS)http://semarc/name/8140 774 0 $tVol. 1.$kBiblioteca moderna Mondadori. Biografie [e] Documenti$w()161985 774 0 $tVol. 2.$kBiblioteca moderna Mondadori. Biografie [e] Documenti$w()161987 996 $6245$aDiari :$b1910-1923$9(OLS)http://semarc/title/23717 996 $6264$a[Milano] :$bArnoldo Mondadori Editore$9(OLS)http://semarc/publisher/29634